LEADER 01869nam 2200433z- 450 001 9910346758803321 005 20210211 035 $a(CKB)4920000000094126 035 $a(oapen)https://directory.doabooks.org/handle/20.500.12854/40301 035 $a(oapen)doab40301 035 $a(EXLCZ)994920000000094126 100 $a20202102d2018 |y 0 101 0 $aeng 135 $aurmn|---annan 181 $ctxt$2rdacontent 182 $cc$2rdamedia 183 $acr$2rdacarrier 200 00$aAdvances in Legume Research 210 $cFrontiers Media SA$d2018 215 $a1 online resource (609 p.) 225 1 $aFrontiers Research Topics 311 08$a2-88945-632-3 330 $aLegumes crops have an extraordinary importance for the agriculture and the environment. In a world urgently requiring more sustainable agriculture, food security and healthier diets the demand for legume crops is on the rise. The International Legume Society (http://ils.nsseme.com) organizes a triannual series of conferences with the goal to serve as a forum to discuss interdisciplinary progress on legume research. The Second International Legume Society Conference (ILS2) hosted in October 2016 at Troia, Portugal was the starting point for the Research Topic "Advances in Legume Research" in FiPS, that was also open to spontaneous submissions. 606 $aBotany & plant sciences$2bicssc 610 $aagronomy 610 $agenetic resources 610 $alegumes 610 $aplant breeding 610 $aprotein 610 $apulses 615 7$aBotany & plant sciences 700 $aSusana S. Araújo$4auth$01287680 702 $aDiego Rubiales$4auth 702 $aMaria C. Vaz Patto$4auth 702 $aNicolas Rispail$4auth 906 $aBOOK 912 $a9910346758803321 996 $aAdvances in Legume Research$93020289 997 $aUNINA LEADER 01225nam0 22002891i 450 001 UON00082497 005 20231205102433.810 010 $a90-04-09936-0 100 $a20020107d1994 |0itac50 ba 101 $aeng 102 $aNL 105 $a|||| ||||| 200 1 $aIslamic literature in Spanish and Aljamiado$eYca of Segovia (fl.1450), his antecedents and successors$fGerard Wiegers 210 $aLeiden [etc]$cBrill$d1994 215 $axii, 303 p.$d25 cm 410 1$1001UON00010416$12001 $aMedieval Iberian Peninsula$eTexts and Studies$bMip]$fedited by C. Marinescu... [et. al.]$v8 606 $aLetteratura ispanoaraba$3UONC025086$2FI 620 $aNL$dLeiden$3UONL003056 686 $aSPA892.709$cLETTERATURA ISPANOARABA - Storia e critica$2A 700 1$aWiegers$bGerard Albert$3UONV054337$0662152 712 $aBrill$3UONV245886$4650 801 $aIT$bSOL$c20251121$gRICA 899 $aSIBA - SISTEMA BIBLIOTECARIO DI ATENEO$2UONSI 912 $aUON00082497 950 $aSIBA - SISTEMA BIBLIOTECARIO DI ATENEO$dSI VI B b 011 $eSI AA 22488 5 011 996 $aIslamic literature in Spanish and Aljamiado$91297271 997 $aUNIOR